000
00209nam a2200085Ia 4500
008
120527s9999 xx 000 0 und d
100
_a
Mouly, J.George
245
_a
Psychology for effective teaching
942
_c
BK
999
_c
27497
_d
27497